| 000 | 00950nam a2200277 4500 | ||
|---|---|---|---|
| 003 | EG-GICUC | ||
| 005 | 20260121101456.0 | ||
| 008 | 251213s1967 -uk||||fr|||| 000 0 eng d | ||
| 040 |
_aEG-GiCUC _beng _cEG-GiCUC _dEG-GiCUC _erda |
||
| 041 | 0 | _aeng | |
| 082 | 0 | 4 |
_221 _a338.9 _bUN . S |
| 092 | 0 | 4 | _221 |
| 099 | _aLaw1 13 338.9 UN . S 1967 | ||
| 110 | 2 |
_kUnited Nations Economic and Social Office in Beirut _eAuthor. |
|
| 245 | 1 | 0 |
_aStudies on selected development problems in various countries in the middle east / _cUnited Nations Economic and Social Office in Beirut |
| 264 | 1 |
_aNew York, _c1967. |
|
| 300 |
_a87 pages ; _c24 cm |
||
| 336 |
_2rda content _atext |
||
| 337 |
_2rda media _aComputer |
||
| 338 |
_2rda carrier _aOnline Resource |
||
| 546 | _aText in English | ||
| 650 | 1 | 4 | _aPublic finance and tax legislation |
| 856 | 4 | 0 | _uhttps://fll.law.cu.edu.eg/fulltext/bks/B13-08294.pdf |
| 905 |
_a30 _eHassnaa |
||
| 942 |
_2ddc _cBK _e21 _n0 |
||
| 999 |
_c50092 _d50092 |
||